书目信息 |
| 题名: |
基础化学实训教程
|
|
| 作者: | 蔡自由 , 钟国清 主编 | |
| 分册: | ||
| 出版信息: | 北京 科学出版社 2009.07 |
|
| 页数: | 242页 | |
| 开本: | 24cm | |
| 丛书名: | ||
| 单 册: | ||
| 中图分类: | O6-3 | |
| 科图分类: | ||
| 主题词: | 化学实验--hua xue shi yan--高等教育--教材 | |
| 电子资源: | ||
| ISBN: | 978-7-03-024816-9 | |
| 000 | 00951nam0 2200265 450 | |
| 001 | 012010711203 | |
| 005 | 20100104140652.81 | |
| 010 | @a978-7-03-024816-9@dCNY24.00 | |
| 100 | @a20100104d2009 em y0chiy0120 ea | |
| 101 | 0 | @achi |
| 102 | @aCN@b110000 | |
| 105 | @aak a 000yy | |
| 106 | @ar | |
| 200 | 1 | @a基础化学实训教程@Aji chu hua xue shi xun jiao cheng@f蔡自由, 钟国清主编@Fcai zi you,zhong guo qing zhu bian |
| 210 | @a北京@c科学出版社@d2009.07 | |
| 215 | @a242页@c图@d24cm | |
| 300 | @a新世纪高职高专教材 | |
| 320 | @a有书目 | |
| 330 | @a本书主要内容包括化学实训基本知识、化学实训基本操作、基础实训项目(18个)、应用实训项目(23个)、综合实训项目(7个)、准设计实训项目(5个)、基本实训操作考核项目(5个)等。 | |
| 606 | 0 | @a化学实验@Ahua xue shi yan@x高等教育@j教材 |
| 690 | @aO6-3@v4 | |
| 701 | 0 | @a蔡自由@Acai zi you@4主编 |
| 701 | 0 | @a钟国清@Azhong guo qing@4主编 |
| 801 | 0 | @aCN@bQSSK@c20100104 |
| 905 | @b770800-02@dO6-3@eC078@f3 | |
| 基础化学实训教程/蔡自由, 钟国清主编.-北京:科学出版社,2009.07 |
| 242页:图;24cm |
| 新世纪高职高专教材 |
| ISBN 978-7-03-024816-9:CNY24.00 |
| 本书主要内容包括化学实训基本知识、化学实训基本操作、基础实训项目(18个)、应用实训项目(23个)、综合实训项目(7个)、准设计实训项目(5个)、基本实训操作考核项目(5个)等。 |
| ● |
| 相关链接 |
|
|
|
正题名:基础化学实训教程
索取号:O6-3/C078
 
预约/预借
| 序号 | 登录号 | 条形码 | 馆藏地/架位号 | 状态 | 备注 |
| 1 | 770800 | 207708006 | 自科库401/401自科库 60排5列3层/ [索取号:O6-3/C078] | 在馆 | |
| 2 | 770801 | 207708015 | 自科库401/401自科库 60排5列3层/ [索取号:O6-3/C078] | 在馆 | |
| 3 | 770802 | 207708024 | 自科库401/401自科库 60排5列3层/ [索取号:O6-3/C078] | 在馆 |